[Event "International Championship of Central Serbia 2015 - OPEN A"]
[Site "Paracin, hotel Petrus"]
[Date "2015.07.04"]
[Round "2.25"]
[White "Mohammad, Nubairshah Shaikh"]
[Black "Furman, Boris"]
[Result "1-0"]
[WhiteElo "2423"]
[BlackElo "2239"]
[PlyCount "75"]
[EventDate "2015.07.03"]

1. d4 Nf6 2. c4 e6 3. Nc3 Bb4 4. Qc2 d5 5. cxd5 exd5 6. Bg5 h6 7. Bh4 c5 8.
dxc5 O-O 9. e3 Be6 10. Nf3 Nbd7 11. a3 Bxc5 12. Bd3 Be7 13. O-O Nc5 14. Bf5 Rc8
15. Rfd1 Nce4 16. Bxf6 Nxf6 17. Nd4 Qb6 18. Qe2 Rfd8 19. Rd2 Bf8 20. Nxe6 fxe6
21. Bh3 Rc4 22. Rad1 Ne4 23. Qxc4 dxc4 24. Rxd8 Nxc3 25. bxc3 Kf7 26. Rc8 Qb3
27. Rd7+ Be7 28. g3 Qxc3 29. Bf1 Qxa3 30. Rxb7 Kf6 31. Rxc4 g5 32. Rcc7 Bd8 33.
Rh7 a5 34. Rxh6+ Ke5 35. Bh3 Ke4 36. Rd7 Kf3 37. Rf6+ Ke4 38. Kg2 1-0

[Event "International Championship of Central Serbia 2015 - OPEN A"]
[Site "Paracin, hotel Petrus"]
[Date "2015.07.04"]
[Round "2.26"]
[White "Todorovic, Bojan"]
[Black "Injac, Teodora"]
[Result "0-1"]
[WhiteElo "2361"]
[BlackElo "2165"]
[PlyCount "102"]
[EventDate "2015.07.03"]

1. d4 Nf6 2. c4 g6 3. Nc3 Bg7 4. e4 d6 5. h3 O-O 6. Be3 Nbd7 7. f4 e5 8. dxe5
dxe5 9. f5 Nh5 10. Nge2 Bf6 11. Rg1 Bg5 12. Qd2 Bxe3 13. Qxe3 Qe7 14. O-O-O Qc5
15. Qxc5 Nxc5 16. b4 Na6 17. g4 Nf6 18. a3 b6 19. Ng3 Bb7 20. g5 Ne8 21. Nd5
Kg7 22. h4 Rd8 23. h5 c6 24. hxg6 fxg6 25. Ne3 Rxd1+ 26. Kxd1 Nd6 27. f6+ Kh8
28. c5 Nf7 29. cxb6 axb6 30. Ne2 Nc7 31. Bh3 Bc8 32. Bxc8 Rxc8 33. Nc4 b5 34.
Na5 Ne6 35. Kd2 Nexg5 36. Ke3 Ne6 37. Rc1 Nfd8 38. Nc3 Rc7 39. a4 Kg8 40. Rf1
bxa4 41. Nxa4 Nf7 42. Nc4 Rb7 43. Nab6 Nd4 44. Kd3 Ne6 45. Kc3 Neg5 46. Kd3 Ne6
47. Ra1 Rb8 48. Ra7 Rd8+ 49. Kc3 Neg5 50. Nd2 Nd6 51. Rg7+ Kh8 0-1

[Event "International Championship of Central Serbia 2015 - OPEN A"]
[Site "Paracin, hotel Petrus"]
[Date "2015.07.04"]
[Round "2.27"]
[White "Radovanovic, Mihajlo"]
[Black "Cerovic, Danilo"]
[Result "1-0"]
[WhiteElo "2245"]
[BlackElo "2359"]
[PlyCount "63"]
[EventDate "2015.07.03"]

1. Nf3 Nf6 2. c4 e6 3. g3 a6 4. Nc3 d5 5. d4 dxc4 6. Bg2 c5 7. dxc5 Qxd1+ 8.
Nxd1 Bxc5 9. Ne5 Nbd7 10. Nxc4 Ra7 11. Bf4 b5 12. Nd6+ Ke7 13. Nxc8+ Rxc8 14.
O-O Bd4 15. a4 b4 16. a5 Rc2 17. Ra4 Bc5 18. Re1 b3 19. Nc3 Rxb2 20. Rc4 Rc2
21. Rb1 b2 22. Nd5+ Nxd5 23. Rxc2 Nxf4 24. gxf4 Bd4 25. Rc4 Bf6 26. e4 g5 27.
e5 Bg7 28. Rxb2 gxf4 29. Rb7 Rxb7 30. Bxb7 Nxe5 31. Rxf4 Nd3 32. Rc4 1-0

[Event "International Championship of Central Serbia 2015 - OPEN A"]
[Site "Paracin, hotel Petrus"]
[Date "2015.07.04"]
[Round "2.28"]
[White "Zivkovic, Ivan B"]
[Black "Johansson, Thomas"]
[Result "1-0"]
[WhiteElo "2347"]
[BlackElo "2180"]
[PlyCount "105"]
[EventDate "2015.07.03"]

1. e4 e6 2. d3 d5 3. Nd2 c5 4. Ngf3 Nc6 5. g3 g6 6. Bg2 Bg7 7. O-O Nge7 8. c3
O-O 9. Re1 a5 10. a4 b6 11. Qc2 Ba6 12. Bf1 Rc8 13. exd5 Qxd5 14. Be2 Rfd8 15.
Nc4 Rb8 16. Bf4 e5 17. Ncxe5 Nxe5 18. Bxe5 Bxe5 19. Nxe5 Qxe5 20. d4 Qf5 21.
Qxf5 Nxf5 22. Bxa6 cxd4 23. g4 Nh4 24. Re7 Kf8 25. Rc7 d3 26. f4 d2 27. Rd1 Re8
28. Kf2 Rbd8 29. Bc4 Re7 30. Rxe7 Kxe7 31. Kg3 g5 32. fxg5 Ng6 33. Be2 Ke6 34.
Bc4+ Ke7 35. Kf2 Nf4 36. Ke3 Nh3 37. Rxd2 Rc8 38. Bb5 Rc5 39. Rd7+ Kf8 40. Rb7
Re5+ 41. Kd4 Rxg5 42. Rxb6 Rxg4+ 43. Kc5 Rg5+ 44. Kd6 Rg2 45. b4 axb4 46. cxb4
Nf4 47. Rb8+ Kg7 48. Bc4 Rd2+ 49. Kc5 Ng6 50. Re8 Rxh2 51. a5 Rh5+ 52. Kb6 Ne5
53. Bb5 1-0

[Event "International Championship of Central Serbia 2015 - OPEN A"]
[Site "Paracin, hotel Petrus"]
[Date "2015.07.04"]
[Round "2.29"]
[White "Filev, Georgi"]
[Black "Markovic, Miroslav R"]
[Result "1-0"]
[WhiteElo "2344"]
[BlackElo "2114"]
[PlyCount "141"]
[EventDate "2015.07.03"]

1. e4 e6 2. d4 c5 3. Nf3 cxd4 4. Nxd4 a6 5. Nc3 Bb4 6. Be2 Nf6 7. Qd3 Nc6 8.
Bd2 O-O 9. Nxc6 bxc6 10. Qg3 d5 11. a3 Be7 12. e5 Ne8 13. O-O f6 14. Bf4 fxe5
15. Bxe5 Bd6 16. Bg4 Bxe5 17. Qxe5 Qd6 18. Rfe1 Rf6 19. g3 Qxe5 20. Rxe5 Nd6
21. Rae1 Kf7 22. b3 Nb5 23. Na4 Rb8 24. Nc5 Nd4 25. Bd1 a5 26. a4 Ke7 27. Nd3
Kd6 28. f4 Bd7 29. Nf2 Rbf8 30. Ng4 Rg6 31. Kf2 c5 32. h4 Nc6 33. R5e3 Rf5 34.
h5 Rgg5 35. Rd3 Rf8 36. Ne3 Nd4 37. c3 Nc6 38. Bf3 Rgf5 39. Nxf5+ Rxf5 40. Bg4
Rf8 41. Kg2 Rb8 42. Bd1 e5 43. fxe5+ Nxe5 44. Rde3 Nc6 45. Rf1 Ne5 46. Rfe1 Nc6
47. g4 d4 48. cxd4 Nxd4 49. Kg3 Be6 50. Bc2 g6 51. hxg6 hxg6 52. Bxg6 Bxb3 53.
Re8 Rxe8 54. Bxe8 c4 55. Kf4 c3 56. Ke4 Kc5 57. Kd3 c2 58. Kc3 Be6 59. g5 Bg4
60. Rc1 Bd1 61. Kb2 Kd6 62. g6 Nf5 63. Bb5 Ke7 64. Bd3 Ne3 65. Kc3 Nd5+ 66. Kd4
Nb4 67. Be4 Kf6 68. Kc5 Ke5 69. Bxc2 Bxc2 70. Rxc2 Nxc2 71. g7 1-0

[Event "International Championship of Central Serbia 2015 - OPEN A"]
[Site "Paracin, hotel Petrus"]
[Date "2015.07.04"]
[Round "2.30"]
[White "Carnic, Srdjan"]
[Black "Arsic, Djordje"]
[Result "1-0"]
[WhiteElo "2317"]
[BlackElo "2153"]
[PlyCount "80"]
[EventDate "2015.07.03"]

1. e4 e5 2. Nf3 Nc6 3. Bc4 Nf6 4. d3 Be7 5. O-O d6 6. c3 O-O 7. Bb3 Na5 8. Bc2
c5 9. Nbd2 Qc7 10. Re1 Nc6 11. Nf1 h6 12. Ng3 Re8 13. h3 Be6 14. Nh4 d5 15.
Nhf5 Bf8 16. Qf3 Qd8 17. Bb3 c4 18. dxc4 dxe4 19. Nxe4 Nxe4 20. Qxe4 Qd7 21.
Bc2 Bxf5 22. Qxf5 Qxf5 23. Bxf5 Rad8 24. Be3 b6 25. Rad1 Na5 26. b3 Nb7 27. Bd7
Re7 28. Bc6 Rc8 29. Bd5 g6 30. f4 Nd6 31. fxe5 Rxe5 32. Bf4 Rxe1+ 33. Rxe1 b5
34. Rf1 Rc7 35. cxb5 Rxc3 36. Bxd6 Bxd6 37. Bxf7+ Kg7 38. Bc4 g5 39. a4 Bc5+
40. Kh1 Bb6 1-0

[Event "International Championship of Central Serbia 2015 - OPEN A"]
[Site "Paracin, hotel Petrus"]
[Date "2015.07.04"]
[Round "2.31"]
[White "Ludvigsen, Frode"]
[Black "Petrov, Vladimir Sergeev"]
[Result "0-1"]
[WhiteElo "2085"]
[BlackElo "2307"]
[PlyCount "108"]
[EventDate "2015.07.03"]

1. d4 Nf6 2. c4 e6 3. Nc3 Bb4 4. e3 O-O 5. Bd3 d5 6. a3 Bxc3+ 7. bxc3 c5 8.
cxd5 exd5 9. f3 Qa5 10. Bd2 c4 11. Bc2 Re8 12. Ne2 Nc6 13. O-O Qc7 14. Qe1 Na5
15. Nc1 Bd7 16. Qh4 Bc6 17. g4 h6 18. Rf2 Qe7 19. Rg2 Nh7 20. Qg3 Rad8 21. h4
Qd6 22. Qf2 Nf8 23. h5 Re6 24. f4 Nh7 25. g5 hxg5 26. fxg5 g6 27. Qh4 Qe7 28.
a4 Rd7 29. Rb1 b6 30. Ne2 Nb3 31. Rxb3 cxb3 32. Bxb3 Qa3 33. Bc2 Qa2 34. hxg6
fxg6 35. Nf4 Qxc2 36. Nxe6 Qf5 37. Nf4 Bxa4 38. Nh3 Bd1 39. Rf2 Qg4+ 40. Qxg4
Bxg4 41. Nf4 Nxg5 42. Nxg6 Nh3+ 43. Kf1 Nxf2 44. Kxf2 Rh7 45. Nf4 Rh2+ 46. Kg3
Rxd2 47. Kxg4 a5 48. Nxd5 a4 49. Nxb6 a3 50. Nc4 Rg2+ 51. Kf3 a2 52. Kxg2 a1=Q
53. Ne5 Qxc3 54. Kf3 Kg7 0-1

[Event "International Championship of Central Serbia 2015 - OPEN A"]
[Site "Paracin, hotel Petrus"]
[Date "2015.07.04"]
[Round "2.32"]
[White "Ozalp, Burak"]
[Black "Nikolovski, Nikola"]
[Result "1-0"]
[WhiteElo "2113"]
[BlackElo "2293"]
[PlyCount "77"]
[EventDate "2015.07.03"]

1. e4 c5 2. Nf3 d6 3. d4 cxd4 4. Nxd4 Nf6 5. Nc3 Nc6 6. Bc4 Bd7 7. Bb3 g6 8.
Be3 Ng4 9. Nxc6 bxc6 10. Qd4 e5 11. Qc4 Qe7 12. O-O Rc8 13. Rad1 Be6 14. Qa6
Rc7 15. Ba4 Bd7 16. Bxa7 Qf6 17. Bb6 Rc8 18. Nd5 Qh4 19. h3 Nf6 20. Nc7+ Ke7
21. Bxc6 Bxc6 22. Qxc8 Bg7 23. Nd5+ Bxd5 24. Qc7+ Ke6 25. exd5+ Kf5 26. Qxd6 g5
27. Bd8 h5 28. Bxf6 Bxf6 29. Rd3 g4 30. Rb3 Rg8 31. Re1 Rg5 32. Rb6 Rg6 33.
Qd7+ Kg5 34. Qxf7 gxh3 35. Re3 Kh6 36. Qf8+ Kh7 37. Rb7+ Bg7 38. Rxg7+ Rxg7 39.
Qf5+ 1-0

[Event "International Championship of Central Serbia 2015 - OPEN A"]
[Site "Paracin, hotel Petrus"]
[Date "2015.07.04"]
[Round "2.33"]
[White "Aydincelebi, Kagan"]
[Black "Gavrilescu, David"]
[Result "1/2-1/2"]
[WhiteElo "1910"]
[BlackElo "2282"]
[Annotator "Natasa"]
[PlyCount "42"]
[EventDate "2015.07.03"]

1. e4 c6 2. d4 d5 3. e5 c5 4. c4 cxd4 5. Nf3 Bg4 6. cxd5 Qxd5 7. Nc3 Qd7 8. Bb5
Nc6 9. Qxd4 Bxf3 10. Qxd7+ Kxd7 11. gxf3 e6 12. Be3 Nge7 13. Ke2 Nf5 14. Rac1
Be7 15. Na4 Kc7 16. Rc4 Rhc8 17. Rhc1 Kd7 18. Rd1+ Ke8 19. Rdc1 Kd7 20. Rd1+
Ke8 21. Rdc1 Kd7 1/2-1/2

[Event "International Championship of Central Serbia 2015 - OPEN A"]
[Site "Paracin, hotel Petrus"]
[Date "2015.07.04"]
[Round "2.34"]
[White "Marjanovics, Annamaria"]
[Black "Akman, Ozgur"]
[Result "1-0"]
[WhiteElo "2277"]
[BlackElo "1964"]
[PlyCount "105"]
[EventDate "2015.07.03"]

1. e4 e5 2. Nf3 Nc6 3. Bb5 a6 4. Ba4 Nf6 5. O-O Nxe4 6. d4 b5 7. Bb3 d5 8. dxe5
Be6 9. Nbd2 Nc5 10. c3 Be7 11. Bc2 Bg4 12. Re1 O-O 13. h3 Bh5 14. Nf1 Re8 15.
Ng3 Bg6 16. Nf5 Bf8 17. Bf4 Qd7 18. g4 Ne7 19. N3h4 Rad8 20. Bg3 Ne4 21. Bxe4
dxe4 22. Qxd7 Rxd7 23. Rxe4 Rd2 24. Rb1 Nc6 25. Bf4 Rd3 26. Kg2 Na5 27. Rd4 Rd8
28. Rxd8 Rxd8 29. e6 fxe6 30. Bxc7 Rd7 31. Bxa5 exf5 32. Nxg6 hxg6 33. Bb6 Rd2
34. Be3 Rd3 35. Kf1 f4 36. Ke2 Rd5 37. Bxf4 Kf7 38. Rc1 Ke6 39. b3 Be7 40. c4
Rc5 41. Be3 Rc6 42. Kd3 Rd6+ 43. Ke4 Bf6 44. c5 Rc6 45. b4 Bb2 46. Rb1 Bf6 47.
f4 Kd7 48. f5 gxf5+ 49. gxf5 Rc8 50. Rd1+ Kc7 51. Bf4+ Kb7 52. Rd7+ Kc6 53. Ra7
1-0

[Event "International Championship of Central Serbia 2015 - OPEN A"]
[Site "Paracin, hotel Petrus"]
[Date "2015.07.04"]
[Round "2.35"]
[White "Vujacic, Borivoje"]
[Black "Perovic, Zivojin"]
[Result "1-0"]
[WhiteElo "2262"]
[BlackElo "2042"]
[PlyCount "71"]
[EventDate "2015.07.03"]

1. e4 c5 2. Nf3 d6 3. Bc4 Nf6 4. d3 Nc6 5. c3 a6 6. Bb3 Bg4 7. Nbd2 g6 8. h3
Bxf3 9. Nxf3 Bg7 10. O-O O-O 11. Re1 e5 12. Bg5 h6 13. Be3 Qe7 14. Nh2 Kh7 15.
Ng4 Rac8 16. Bd2 Nxg4 17. hxg4 g5 18. Qe2 Nd8 19. g3 Ne6 20. a4 Bf6 21. Kg2 Kg7
22. Rh1 b6 23. Qf3 Rh8 24. Bc4 Ra8 25. b4 Qd7 26. Qf5 Nf8 27. bxc5 Qxf5 28.
gxf5 dxc5 29. a5 b5 30. Bd5 Nd7 31. Bxa8 Rxa8 32. Rhd1 Rc8 33. d4 cxd4 34. cxd4
Rc6 35. d5 Rc4 36. Rac1 1-0

[Event "International Championship of Central Serbia 2015 - OPEN A"]
[Site "Paracin, hotel Petrus"]
[Date "2015.07.04"]
[Round "2.36"]
[White "Radeva, Viktoria"]
[Black "Baglan, Esat"]
[Result "0-1"]
[WhiteElo "2042"]
[BlackElo "2257"]
[PlyCount "79"]
[EventDate "2015.07.03"]

1. e4 c5 2. Nf3 e6 3. d3 Nc6 4. Nbd2 g6 5. g3 Bg7 6. Bg2 Nge7 7. O-O O-O 8. c3
d6 9. Nb3 a5 10. a4 b6 11. d4 Ba6 12. Re1 Rc8 13. Be3 Qc7 14. dxc5 bxc5 15. Bf4
Ne5 16. Nxe5 Bxe5 17. Bxe5 dxe5 18. Qc2 Rb8 19. Nd2 Rfd8 20. Bf1 Bxf1 21. Nxf1
Qb7 22. Re2 Nc8 23. Ne3 Nb6 24. Ng4 Nc4 25. Qc1 Qe7 26. f4 Qd6 27. f5 Nd2 28.
fxg6 fxg6 29. Kg2 h5 30. Nf6+ Kg7 31. Rf2 Qd3 32. Qe1 Rxb2 33. Rc1 Nc4 34. Rxb2
Nxb2 35. Qf2 Qd2 36. Ne8+ Kg8 37. Nf6+ Kg7 38. Rf1 Qxf2+ 39. Rxf2 Nd3 40. Rf1
0-1

[Event "International Championship of Central Serbia 2015 - OPEN A"]
[Site "Paracin, hotel Petrus"]
[Date "2015.07.04"]
[Round "2.37"]
[White "Tosic, Srecko"]
[Black "Dimitrijevic, Nenad"]
[Result "0-1"]
[WhiteElo "2377"]
[BlackElo "2216"]
[PlyCount "68"]
[EventDate "2015.07.03"]

1. d4 Nf6 2. Bg5 e6 3. e3 Be7 4. Bd3 b6 5. Nf3 Bb7 6. Nbd2 d5 7. Ne5 O-O 8. O-O
Nbd7 9. Qf3 h6 10. Bf4 Nxe5 11. dxe5 Nd7 12. c3 Bg5 13. b4 a5 14. a3 Qe7 15.
Qe2 Rfd8 16. Bg3 axb4 17. axb4 Bh4 18. f4 Bxg3 19. hxg3 c5 20. Rab1 Ra2 21. Qd1
Rda8 22. Nf3 R8a3 23. Rc1 cxb4 24. cxb4 Qxb4 25. Bb1 Rb2 26. Rc7 Nc5 27. Kh2
Rxe3 28. Rg1 Ree2 29. Nd4 Rbd2 30. Qc1 Qxd4 31. Rxb7 g6 32. Rxb6 Kg7 33. Rb8
Ne4 34. Rb7 Rxg2+ 0-1

[Event "International Championship of Central Serbia 2015 - OPEN A"]
[Site "Paracin, hotel Petrus"]
[Date "2015.07.04"]
[Round "2.38"]
[White "Mikanovic, Sandro"]
[Black "Milenkovic, Mladen"]
[Result "1-0"]
[WhiteElo "2212"]
[BlackElo "2344"]
[PlyCount "87"]
[EventDate "2015.07.03"]

1. d4 Nf6 2. Nf3 e6 3. c3 b6 4. Bg5 Bb7 5. Nbd2 h6 6. Bxf6 Qxf6 7. e4 Qd8 8.
Bd3 Be7 9. Qe2 d6 10. O-O Nd7 11. Nc4 c5 12. Ne3 O-O 13. d5 exd5 14. exd5 Re8
15. c4 Bf6 16. Qc2 Ne5 17. Nxe5 Bxe5 18. Rae1 h5 19. Re2 Qf6 20. Rfe1 g6 21.
Nf1 Kf8 22. Nd2 Re7 23. Nf3 Rae8 24. Nxe5 dxe5 25. Qc3 Kg8 26. Re3 Qd6 27. Bc2
f5 28. Ba4 e4 29. Bxe8 Rxe8 30. f3 b5 31. b3 b4 32. Qb2 Re5 33. g3 g5 34. Kh1
Bc8 35. f4 Re7 36. fxg5 Rf7 37. Qf2 Kg7 38. Qf4 Qf8 39. d6 Kg6 40. Rd1 Qh8 41.
d7 Rxd7 42. Rxd7 Qa1+ 43. Kg2 Bxd7 44. Qd6+ 1-0

[Event "International Championship of Central Serbia 2015 - OPEN A"]
[Site "Paracin, hotel Petrus"]
[Date "2015.07.04"]
[Round "2.39"]
[White "Zarkovic, Mila"]
[Black "Vucinic, Gojko"]
[Result "1/2-1/2"]
[WhiteElo "2209"]
[BlackElo "2328"]
[PlyCount "62"]
[EventDate "2015.07.03"]

1. e4 c5 2. Nf3 d6 3. d4 cxd4 4. Nxd4 Nf6 5. Nc3 a6 6. h3 g6 7. Bc4 Bg7 8. O-O
O-O 9. Bb3 b5 10. Re1 Bb7 11. Nd5 Nbd7 12. Bg5 e6 13. Nxf6+ Nxf6 14. Qd3 Qb6
15. Rad1 h6 16. Bxf6 Bxf6 17. c3 Rfe8 18. Qg3 Kg7 19. Kh1 b4 20. f4 bxc3 21. e5
dxe5 22. fxe5 Be7 23. bxc3 Rac8 24. Rf1 Rf8 25. Rb1 Qa5 26. Nxe6+ fxe6 27. Bc2
Rxf1+ 28. Rxf1 Bg5 29. Qd3 Bxg2+ 30. Kxg2 Qd5+ 31. Qxd5 exd5 1/2-1/2

[Event "International Championship of Central Serbia 2015 - OPEN A"]
[Site "Paracin, hotel Petrus"]
[Date "2015.07.04"]
[Round "2.41"]
[White "Martic, Zlatko"]
[Black "Tisma, Ivan"]
[Result "1-0"]
[WhiteElo "2299"]
[BlackElo "2206"]
[PlyCount "55"]
[EventDate "2015.07.03"]

1. d4 Nf6 2. c4 g6 3. Nc3 Bg7 4. e4 d6 5. Nf3 O-O 6. Be2 e5 7. O-O exd4 8. Nxd4
Re8 9. f3 Nc6 10. Be3 Nh5 11. f4 Nf6 12. Bf3 Ng4 13. Bxg4 Bxg4 14. Nxc6 Qh4 15.
Qd2 bxc6 16. Bd4 Be6 17. Bxg7 Kxg7 18. f5 Bc8 19. Rf3 gxf5 20. Raf1 h6 21. exf5
Re5 22. Rg3+ Kh7 23. Rf4 Qf6 24. Ne4 Rxe4 25. Rxe4 Bd7 26. Rh3 Rh8 27. Re7 Be8
28. Qe3 1-0

[Event "International Championship of Central Serbia 2015 - OPEN A"]
[Site "Paracin, hotel Petrus"]
[Date "2015.07.04"]
[Round "2.42"]
[White "Hjelmas, Lars"]
[Black "Henriksen, Geir"]
[Result "1-0"]
[WhiteElo "2291"]
[BlackElo "2192"]
[PlyCount "37"]
[EventDate "2015.07.03"]

1. f4 Nf6 2. Nf3 g6 3. g3 Bg7 4. Bg2 O-O 5. O-O d6 6. Nc3 c5 7. e4 Nc6 8. d3
Nd4 9. h3 Bd7 10. g4 Bc6 11. Nxd4 cxd4 12. Ne2 Nd7 13. f5 Rc8 14. Bg5 Nb6 15.
f6 exf6 16. Bh4 d5 17. e5 Nd7 18. exf6 Bxf6 19. Rxf6 1-0

[Event "International Championship of Central Serbia 2015 - OPEN A"]
[Site "Paracin, hotel Petrus"]
[Date "2015.07.04"]
[Round "2.43"]
[White "Cvetanovic, Uros"]
[Black "Tscharotschkin, Michael"]
[Result "1/2-1/2"]
[WhiteElo "2264"]
[BlackElo "2182"]
[PlyCount "44"]
[EventDate "2015.07.03"]

1. e4 e6 2. d3 d5 3. Nd2 Nf6 4. c3 c5 5. g3 Nc6 6. Ngf3 Be7 7. Bg2 O-O 8. O-O
b5 9. Re1 Rb8 10. Qc2 dxe4 11. dxe4 e5 12. Nf1 c4 13. Ne3 Bc5 14. b4 cxb3 15.
axb3 Ng4 16. Nd1 Qc7 17. h3 Nf6 18. Bg5 Nd7 19. Ne3 Bxe3 20. Bxe3 Nb6 21. Rad1
Na5 22. Nxe5 Be6 1/2-1/2

[Event "International Championship of Central Serbia 2015 - OPEN A"]
[Site "Paracin, hotel Petrus"]
[Date "2015.07.04"]
[Round "2.44"]
[White "Radovic, Janko"]
[Black "Djokic, Slavoljub"]
[Result "1-0"]
[WhiteElo "2256"]
[BlackElo "2141"]
[PlyCount "97"]
[EventDate "2015.07.03"]

1. e4 d5 2. exd5 Qxd5 3. Nc3 Qa5 4. d4 c6 5. Nf3 Bg4 6. Be2 Nf6 7. O-O e6 8.
Ne5 Bxe2 9. Qxe2 Bb4 10. Ne4 Nxe4 11. Qxe4 Bd6 12. Nc4 Qc7 13. Nxd6+ Qxd6 14.
Qg4 g6 15. Bf4 Qd5 16. Rfd1 Nd7 17. b3 O-O 18. c4 Qf5 19. Qxf5 exf5 20. d5 c5
21. Re1 Rfe8 22. Kf1 f6 23. Rxe8+ Rxe8 24. Re1 Rxe1+ 25. Kxe1 g5 26. Bd6 f4 27.
Ke2 Kf7 28. Kd3 f5 29. a3 b6 30. b4 Ke8 31. bxc5 bxc5 32. Kc3 Kd8 33. f3 Kc8
34. h4 h6 35. hxg5 hxg5 36. Be7 g4 37. Bd6 Kb7 38. Bxf4 gxf3 39. gxf3 Kb6 40.
Bd6 Ka5 41. Bc7+ Ka4 42. Kb2 Nf8 43. Bb8 a6 44. Ba7 Nd7 45. f4 Nf6 46. Bxc5 Ka5
47. Kc3 Ka4 48. Kd4 Kb3 49. Be7 1-0

[Event "International Championship of Central Serbia 2015 - OPEN A"]
[Site "Paracin, hotel Petrus"]
[Date "2015.07.04"]
[Round "2.45"]
[White "Zlatanovic, Zoran"]
[Black "Kinsiz, Onur"]
[Result "0-1"]
[WhiteElo "2123"]
[BlackElo "2253"]
[PlyCount "84"]
[EventDate "2015.07.03"]

1. e4 c5 2. Nf3 Nc6 3. d3 g6 4. g3 Bg7 5. Bg2 e5 6. c3 d6 7. a3 Nge7 8. b4 a6
9. O-O O-O 10. Nbd2 h6 11. Rb1 cxb4 12. cxb4 b5 13. Nb3 Be6 14. Be3 a5 15. Qd2
axb4 16. axb4 Kh7 17. d4 Bc4 18. Rfd1 Ra3 19. Nc1 exd4 20. Nxd4 Ne5 21. Nc2 Ra6
22. Bd4 Be6 23. Ne3 N7c6 24. Bc3 Nc4 25. Nxc4 Bxc3 26. Qxc3 Bxc4 27. Nd3 Qe7
28. h3 Rfa8 29. Nb2 Ba2 30. Rbc1 Ne5 31. Qd4 Bb3 32. Rd2 Ra2 33. f4 Nc4 34.
Nxc4 bxc4 35. Rxa2 Rxa2 36. b5 Qb7 37. Rf1 Qxb5 38. Qf6 Qc5+ 39. Kh2 c3 40. f5
g5 41. h4 Qe5 42. Qxe5 dxe5 0-1

[Event "International Championship of Central Serbia 2015 - OPEN A"]
[Site "Paracin, hotel Petrus"]
[Date "2015.07.04"]
[Round "2.46"]
[White "Todorovic, Nenad I"]
[Black "Lazov, Toni"]
[Result "1-0"]
[WhiteElo "2252"]
[BlackElo "2141"]
[PlyCount "113"]
[EventDate "2015.07.03"]

1. e4 c5 2. Nf3 d6 3. d4 Nf6 4. Nc3 cxd4 5. Nxd4 a6 6. Be3 e5 7. Nb3 Be6 8. f3
Be7 9. Qd2 O-O 10. O-O-O a5 11. Qf2 a4 12. Nc5 a3 13. b3 Qa5 14. N5a4 Nbd7 15.
Bd2 Qc7 16. g4 Rfc8 17. g5 Nh5 18. Be3 Nf4 19. Rg1 Ra5 20. Nb5 Qc6 21. Nac3 Nc5
22. Kb1 Bf8 23. Qd2 Raa8 24. h4 Na6 25. Ne2 d5 26. Nxf4 exf4 27. Bxf4 Bb4 28.
exd5 Bxd5 29. c3 Bxf3 30. cxb4 Bxd1 31. Nd4 Qc3 32. Qxc3 Rxc3 33. Bxa6 bxa6 34.
Rxd1 Rd8 35. Bc1 Rh3 36. Bxa3 Rxh4 37. Bb2 Rg4 38. Re1 Rxg5 39. a4 h5 40. b5
axb5 41. Nxb5 h4 42. Nd4 h3 43. Rh1 Rg3 44. Ka2 Rg2 45. Ka3 Rxb2 46. Kxb2 Rxd4
47. Rxh3 g5 48. Kc3 Rd1 49. a5 Kg7 50. b4 g4 51. Rg3 f5 52. b5 Kf6 53. b6 Ke5
54. b7 Rb1 55. a6 Kf4 56. Rg2 g3 57. a7 1-0

[Event "International Championship of Central Serbia 2015 - OPEN A"]
[Site "Paracin, hotel Petrus"]
[Date "2015.07.04"]
[Round "2.47"]
[White "Scripcaru, George-Daniel"]
[Black "Fernandez, Michael"]
[Result "0-1"]
[WhiteElo "2115"]
[BlackElo "2249"]
[PlyCount "36"]
[EventDate "2015.07.03"]

1. d4 d5 2. Bf4 c5 3. dxc5 e6 4. Nc3 Bxc5 5. e4 Qb6 6. Qd2 Bxf2+ 7. Qxf2 Qxb2
8. Kd2 Qxa1 9. Nf3 Nc6 10. exd5 Nf6 11. Ng5 O-O 12. dxc6 Rd8+ 13. Bd3 Qxh1 14.
Be5 h6 15. Bxf6 Rxd3+ 16. Kxd3 hxg5 17. Be5 bxc6 18. Qd4 Ba6+ 0-1

[Event "International Championship of Central Serbia 2015 - OPEN A"]
[Site "Paracin, hotel Petrus"]
[Date "2015.07.04"]
[Round "2.48"]
[White "Breivik, Lars"]
[Black "Dimitrijevic, Dusan"]
[Result "0-1"]
[WhiteElo "2247"]
[BlackElo "2115"]
[PlyCount "132"]
[EventDate "2015.07.03"]

1. d4 Nf6 2. Nf3 e6 3. e3 b6 4. Bd3 Ba6 5. c4 Bb4+ 6. Bd2 Qe7 7. O-O O-O 8. Nc3
d6 9. a3 Bxc3 10. Bxc3 Nbd7 11. e4 e5 12. Re1 c5 13. d5 Bc8 14. Nh4 g6 15. g3
Ne8 16. Bd2 Ng7 17. Bh6 f6 18. Qd2 Rf7 19. Ng2 Nf8 20. h4 Bh3 21. Ne3 Bd7 22.
g4 f5 23. Bg5 Qe8 24. f3 f4 25. Nf5 gxf5 26. exf5 Nxf5 27. gxf5 Bxf5 28. Bxf5
Rxf5 29. Qg2 Qg6 30. Be7 Kf7 31. Qxg6+ Nxg6 32. Bxd6 Rd8 33. Bc7 Rd7 34. Bb8
Rb7 35. Bd6 Rd7 36. Bb8 Nxh4 37. Kf2 Ng6 38. b4 Kf6 39. Rh1 Rg5 40. Rab1 Kf5
41. bxc5 bxc5 42. Rb5 a6 43. Rb6 e4 44. fxe4+ Kxe4 45. Rd1 Rg3 46. Re6+ Kf5 47.
Rxa6 Rc3 48. Ra7 Rc2+ 49. Kf1 Rd8 50. Bc7 Rd7 51. Bb6 Ne5 52. Bxc5 h5 53. Rxd7
Nxd7 54. Bb4 Rxc4 55. d6 h4 56. Kf2 h3 57. Kg1 Rc2 58. Rd2 Rc1+ 59. Kh2 Kg4 60.
Re2 Nf6 61. Re6 Rc2+ 62. Kh1 Nh5 63. Be1 Ng3+ 64. Bxg3 fxg3 65. Re1 Rd2 66. a4
h2 0-1

[Event "International Championship of Central Serbia 2015 - OPEN A"]
[Site "Paracin, hotel Petrus"]
[Date "2015.07.04"]
[Round "2.49"]
[White "Sahin, Ozgun"]
[Black "Popovic, Aleksandar M"]
[Result "0-1"]
[WhiteElo "2106"]
[BlackElo "2246"]
[PlyCount "64"]
[EventDate "2015.07.03"]

1. d4 Nf6 2. Nc3 d5 3. Bg5 h6 4. Bh4 g6 5. Qd2 Bg7 6. O-O-O c6 7. f3 b5 8. Re1
b4 9. Nd1 Qa5 10. Kb1 Be6 11. b3 c5 12. e4 cxd4 13. e5 Nfd7 14. f4 Nc5 15. Nf2
Nc6 16. Nf3 Rc8 17. Bd3 Nxd3 18. Nxd3 Bf5 19. Nf2 Qc5 20. Re2 O-O 21. g4 Be4
22. Nxe4 dxe4 23. Rxe4 f6 24. exf6 exf6 25. Rhe1 f5 26. gxf5 Qxf5 27. Bg3 g5
28. Nh4 Qf7 29. Re6 d3 30. Qxd3 Nd4 31. Re7 Nxc2 32. Rxf7 Na3# 0-1

[Event "International Championship of Central Serbia 2015 - OPEN A"]
[Site "Paracin, hotel Petrus"]
[Date "2015.07.04"]
[Round "2.50"]
[White "Budimir, Boris"]
[Black "Djordjevic, Gradimir"]
[Result "1-0"]
[WhiteElo "2236"]
[BlackElo "2111"]
[PlyCount "109"]
[EventDate "2015.07.03"]

1. e4 d6 2. d4 g6 3. Nc3 Bg7 4. f4 c6 5. Nf3 Nd7 6. Bc4 Nh6 7. a4 d5 8. exd5
Nb6 9. Qe2 Nxd5 10. Bxd5 cxd5 11. Qb5+ Qd7 12. Nxd5 O-O 13. Qxd7 Bxd7 14. c3 e6
15. Nc7 Rab8 16. Ne5 Bxe5 17. fxe5 Nf5 18. Nb5 a6 19. Na3 h5 20. Bg5 Bxa4 21.
O-O Bb3 22. Nb1 Bd5 23. Nd2 Rfc8 24. h3 b5 25. g4 Ng7 26. Rxa6 Rb7 27. Rfa1
hxg4 28. hxg4 Ne8 29. Ra8 Rbc7 30. Rxc8 Rxc8 31. Kf2 Ra8 32. Rxa8 Bxa8 33. b3
Kg7 34. Ke3 f5 35. exf6+ Nxf6 36. Bxf6+ Kxf6 37. Ne4+ Ke7 38. g5 Bd5 39. Nd2
Kd6 40. c4 Bc6 41. Ne4+ Ke7 42. Kf4 Bb7 43. Nc5 bxc4 44. bxc4 Bg2 45. Ne4 Bf1
46. c5 Bb5 47. Ke5 Bc6 48. Nf2 Bb5 49. Nh3 Be8 50. Nf4 Bf7 51. c6 Be8 52. d5
exd5 53. Nxd5+ Kf7 54. c7 Bd7 55. Nb6 1-0